| 000 | 00348nam a2200145Ia 4500 | ||
|---|---|---|---|
| 005 | 20251222141953.0 | ||
| 008 | 251222s9999||||xx |||||||||||||| ||spa|| | ||
| 020 | _a8489651493 | ||
| 082 | _a210/P77 | ||
| 100 | _aPons, Guillermo | ||
| 245 | 0 | _aDios Padre en los Escritos PatrĂsticos | |
| 250 | _a1ra.ed. | ||
| 264 | _bCiudad Nueva | ||
| 942 | _cLIB | ||
| 999 |
_c9767 _d9767 |
||